Movies Quiz

Random Movies or Actress Quiz

5 by 5 Movies by Actress II Quiz Stats

 Plays Quiz Updated Sep 30, 2018

Score 0/25 Timer 05:00
6 Plays Today
Hint Answer % Correct
Natalie PortmanBlack Swan
93%
The Lion King
89.9%
Whoopi GoldbergSister Act
85.9%
Maleficent
80.8%
The Avengers
80.3%
Mr. and Mrs. Smith
76.1%
Angelina JolieLara Croft: Tomb Raider
75.9%
Jackie
67.1%
Star Wars: Episode I – The Phantom Menace
60.2%
The Jungle Book
58.2%
V for Vendetta
55.9%
The Color Purple
54.9%
Léon: The Professional
54.8%
Hint Answer % Correct
Girl, Interrupted
54.1%
Scarlett JohanssonLost in Translation
53.2%
Ghost
52.5%
Harry Potter and the Order of the Phoenix
50.4%
The Girl with the Pearl Earring
49.1%
Lucy
48.8%
Helena Bonham CarterFight Club
48.5%
Wallace & Gromit: The Curse of the Were-Rabbit
46%
The King's Speech
41.7%
The Tourist
23.8%
Les Misérables
21.9%
Toy Story 3
17.6%

You're not logged in!

Compare scores with friends on all Sporcle quizzes.
OR
Log In

Sporcle TV

Today on Sporcle TV


Watch our educational content, quiz creation guides, and fun videos on Sporcle TV.

Show Comments

Extras

Top Quizzes Today


Score Distribution

Your Account Isn't Verified!

In order to create a playlist on Sporcle, you need to verify the email address you used during registration. Go to your Sporcle Settings to finish the process.

Report this User

Report this user for behavior that violates our Community Guidelines.

Details: